zpět

Detail výsledku týmu

U Pošty - Vinohrady ČT, Praha

Datum a čas kvízu

32 Celkem bodů Celkový počet nahraných bodů na tomto kvízu bez doplňovacích otázek.
7. Pořadí na kvízu Konečné umístění týmu na tomto kvízu.

Zaznamenané odpovědi

# Otázka Odpověď Body Výsledky
1. Minulý týden jsme se ústy mluv... C) medvědi 1
2. Minulý týden jsme se dozvěděli... Roland 1
3. O filmu, jehož děj se odehrává... Vlny, Jiří Mádl 1
4. V jednom evropském státě se ro... Řecko 0
5. Jak se jmenuje britský cyklist... Mark Cavendish 1
6. Téma začneme českým filmem Ari... Hynek Čermák, Tatiana Dyková 1
7. Ve filmu V hlavě z roku 2015 j... A) úzkost 0
8. Už 4. října se v kinech předst... Lady Gaga 0
9. Premiéru má každý rok velké mn... C 0
10. V roce 2024 přišlo do kin rovn... Frank Herbert, Spasitel Duny 0.5